Handbuch des Londoner Effektenmarktes Anlage und Spekulation

Enregistré dans:
Détails bibliographiques
Format: Livre
Langue:allemand
Publié: London Exchange [s.a.]
Édition:2. Auflage
Tags: Ajouter un tag
Pas de tags, Soyez le premier à ajouter un tag!

MARC

LEADER 00000nam a2200000 4500
001 0306915
005 20250210133250.4
041 0 |a ger 
044 |a GB 
245 1 0 |a Handbuch des Londoner Effektenmarktes  |b Anlage und Spekulation 
250 |a 2. Auflage 
264 1 |a London  |b Exchange  |c [s.a.]